000 00744nam a2200181Ia 4500
008 100920s9999 xx 000 0 und d
082 _b55804
_a520 0
100 _aभागवत अ. ल.
245 _aयोगी अ.ल.भागवतांची अमृतवाणी भाग 1.
260 _bश्रीगजानन बुक डेपो प्रकाशन, दादर, मुंबई 28.
_c0
300 _a95
_bसाधी
365 _b12
520 _aशाअ.
630 _aयोगी अ.ल.भागवतांची अमृतवाणी भाग 1.
650 _aशाअ.
730 _aयोगी अ.ल.भागवतांची अमृतवाणी भाग 1.
942 _cBOOK
999 _c700127
_d700124